000 004570000a22001690004500
003 MACL
005 20160107170648.0
008 160107b xxu||||| |||| 00| 0 eng d
040 _aMACL
_cMACL
041 _aEnglish
082 _a900/AME
100 _aAmery, L S
_929400
245 _aThe Times History of The War in South Africa
_b1899-1902 vol 4
260 _bMarston & Company Ltd
_c1906
_aLondon
650 _aHistory
_929401
942 _cBK
_k900/AME
_2ddc
999 _c38388
_d38388